[Event "Bialystok Zamenhof Memorial-B 36th"]
[Site "Bialystok"]
[Date "2017.12.27"]
[Round "1"]
[White "Zolkiewski, Jakub"]
[Black "Smirnov, Aleksander"]
[Result "0-1"]
[WhiteElo "1754"]
[BlackElo "2064"]
[PlyCount "60"]
[EventDate "2017.12.27"]
[EventType "swiss"]
[EventRounds "9"]
[EventCountry "POL"]
[SourceTitle "CBM 182 Extra"]
[Source "ChessBase"]
[SourceDate "2018.02.23"]
[SourceVersion "1"]
[SourceVersionDate "2018.02.23"]
[SourceQuality "1"]

1. d4 d5 2. c4 dxc4 3. Nf3 Nd7 4. g3 Ngf6 5. Bg2 e6 6. 0-0 c5 7. Qa4 a6 8. Qxc4 b5 9. Qc2 Bb7 10. dxc5 Be4 11. Qd1 Bxc5 12. Nc3 Bb7 13. Bf4 Qb6 14. Qd2 Rd8 15. Rad1 0-0 16. Bd6 Rfe8 17. Qf4 Rc8 18. Bxc5 Rxc5 19. Qd6 Rc6 20. Qf4 e5 21. Qf5 Rc7 22. e4 Qc5 23. Nd5 Nxd5 24. exd5 g6 25. Qd3 e4 26. Qe2 Bxd5 27. Ng5 Bc4 28. Nxe4 Bxe2 29. Nxc5 Nxc5 30. Rde1 Kf8 0-1

[Event "Calvia Amateur op 12th"]
[Site "Calvia"]
[Date "2015.10.17"]
[Round "8"]
[White "Smirnov, Aleksander"]
[Black "Blanco Gutierrez, Pedro"]
[Result "1-0"]
[WhiteElo "2145"]
[BlackElo "2099"]
[PlyCount "89"]
[EventDate "2015.10.10"]
[EventType "swiss"]
[EventRounds "9"]
[EventCountry "ESP"]
[SourceTitle "EXT 2019"]
[Source "ChessBase"]
[SourceDate "2018.10.10"]
[SourceVersion "1"]
[SourceVersionDate "2018.10.10"]
[SourceQuality "1"]

1. e4 c6 2. Nc3 d5 3. Nf3 Bg4 4. h3 Bxf3 5. Qxf3 Nf6 6. g3 e6 7. Bg2 dxe4 8. Nxe4 Nxe4 9. Qxe4 Qd5 10. 0-0 Qxe4 11. Bxe4 Nd7 12. d4 Nf6 13. Bf3 h5 14. c4 Be7 15. Re1 0-0-0 16. Be3 Rd7 17. Red1 Rhd8 18. Rab1 g6 19. b4 Ne8 20. d5 exd5 21. cxd5 Kb8 22. dxc6 Rxd1+ 23. Bxd1 bxc6 24. Bf3 Rc8 25. Rc1 Nd6 26. Rxc6 Rxc6 27. Bxc6 h4 28. b5 g5 29. gxh4 gxh4 30. Kg2 f5 31. Kf3 Bf6 32. Kf4 Bd8 33. f3 Bb6 34. Bxb6 axb6 35. Ke5 Kc7 36. f4 Nc4+ 37. Kxf5 Kd6 38. Kg4 Ke6 39. Kxh4 Kf5 40. Kg3 Ne3 41. Kf3 Nd1 42. Be4+ Kf6 43. Bd3 Nc3 44. a3 Ke6 45. h4 1-0

[Event "Calvia Amateur op 12th"]
[Site "Calvia"]
[Date "2015.10.15"]
[Round "6"]
[White "Smirnov, Aleksander"]
[Black "Sahelices Casado, Roberto"]
[Result "0-1"]
[WhiteElo "2145"]
[BlackElo "2039"]
[PlyCount "111"]
[EventDate "2015.10.10"]
[EventType "swiss"]
[EventRounds "9"]
[EventCountry "ESP"]
[SourceTitle "EXT 2019"]
[Source "ChessBase"]
[SourceDate "2018.10.10"]
[SourceVersion "1"]
[SourceVersionDate "2018.10.10"]
[SourceQuality "1"]

1. e4 c6 2. Nc3 d5 3. Nf3 Bg4 4. h3 Bxf3 5. Qxf3 e6 6. g3 Nf6 7. d3 Bb4 8. Bd2 d4 9. Nb1 Qb6 10. b3 Qc5 11. Bg2 Bxd2+ 12. Kxd2 Nbd7 13. Qd1 h5 14. Ke2 h4 15. g4 g5 16. Qc1 Nf8 17. f4 Ng6 18. fxg5 Nh7 19. Nd2 Qe5 20. Nf3 Qg3 21. Qg1 Nf4+ 22. Kf1 0-0-0 23. Qf2 Nxg2 24. Qxg2 Qf4 25. Qf2 Nxg5 26. Nxg5 Qxg5 27. Kg2 f5 28. exf5 exf5 29. Qxf5+ Qxf5 30. gxf5 Rhg8+ 31. Kh2 Rdf8 32. Rhf1 Rg5 33. Rae1 Rfxf5 34. Rxf5 Rxf5 35. Re4 Rf2+ 36. Kg1 Rxc2 37. Rxh4 c5 38. b4 Rc3 39. bxc5 Rxd3 40. Kf1 Kc7 41. Ke2 Re3+ 42. Kd2 Ra3 43. Rh8 Kc6 44. Rc8+ Kd5 45. Rc7 Rxa2+ 46. Kc1 a5 47. Rxb7 Kxc5 48. Ra7 Kb4 49. Rb7+ Kc3 50. Rc7+ Kd3 51. Ra7 Rc2+ 52. Kb1 Rc5 53. Rg7 Ke2 54. h4 d3 55. Rh7 d2 56. Rd7 0-1

[Event "Bialystok-ch"]
[Site "Bialystok"]
[Date "2015.??.??"]
[Round "5"]
[White "Filewicz, Przemyslaw"]
[Black "Smirnov, Aleksander"]
[Result "1-0"]
[WhiteElo "1961"]
[BlackElo "2147"]
[PlyCount "105"]
[EventDate "2015.05.01"]
[EventType "swiss"]
[EventRounds "9"]
[EventCountry "POL"]
[SourceTitle "CBM 166 Extra"]
[Source "ChessBase"]
[SourceDate "2015.06.18"]
[SourceVersion "1"]
[SourceVersionDate "2015.06.18"]
[SourceQuality "1"]

1. Nf3 d5 2. d4 c5 3. e3 e6 4. c3 Nf6 5. Bd3 Nc6 6. Nbd2 Be7 7. Ne5 cxd4 8. exd4 Nxe5 9. dxe5 Nd7 10. Nf3 Qc7 11. Qe2 Nc5 12. Bb5+ Bd7 13. Bxd7+ Nxd7 14. 0-0 0-0 15. Bf4 Rac8 16. Rad1 a6 17. Nd4 Rfe8 18. Rfe1 Bf8 19. Qg4 Qc4 20. a3 g6 21. h4 h5 22. Qg5 Qc7 23. Bc1 Bg7 24. f4 Nc5 25. g4 Ne4 26. Rxe4 dxe4 27. gxh5 gxh5 28. Kh1 Qe7 29. Qxh5 f5 30. exf6 Qxf6 31. Rg1 Qf7 32. Rg6 Kf8 33. Be3 Rcd8 34. Qg4 Rd6 35. h5 Bf6 36. f5 Bxd4 37. Bh6+ Ke7 38. cxd4 Qxf5 39. Qh4+ Kd7 40. Rg7+ Kc8 41. Bf4 Rc6 42. h6 Rf8 43. h7 e3 44. h8Q e2 45. Q8h7 Qxf4 46. Qxf4 e1Q+ 47. Kh2 Qe2+ 48. Kh3 Qf3+ 49. Qxf3 Rxf3+ 50. Kg4 Rf8 51. Rxb7 Rd8 52. Ra7 Rxd4+ 53. Kf3 1-0

[Event "Bialystok-ch"]
[Site "Bialystok"]
[Date "2015.??.??"]
[Round "1"]
[White "Filewicz, Radoslaw"]
[Black "Smirnov, Aleksander"]
[Result "1/2-1/2"]
[WhiteElo "1732"]
[BlackElo "2147"]
[PlyCount "151"]
[EventDate "2015.05.01"]
[EventType "swiss"]
[EventRounds "9"]
[EventCountry "POL"]
[SourceTitle "CBM 166 Extra"]
[Source "ChessBase"]
[SourceDate "2015.06.18"]
[SourceVersion "1"]
[SourceVersionDate "2015.06.18"]
[SourceQuality "1"]

1. d4 c5 2. c3 e6 3. Nf3 Nf6 4. Bf4 Nc6 5. e3 h6 6. Bd3 Nh5 7. Bg3 Nxg3 8. hxg3 Be7 9. Nbd2 b6 10. Qe2 Qc7 11. a3 d5 12. Rc1 c4 13. Bb1 Bd7 14. e4 0-0-0 15. Nf1 Bg5 16. Nxg5 hxg5 17. Rxh8 Rxh8 18. Qf3 f5 19. exd5 Ne7 20. Ne3 g4 21. Qf4 Qxf4 22. gxf4 exd5 23. Kd2 Kc7 24. Re1 Kd6 25. Bc2 g6 26. g3 Rh2 27. Ke2 b5 28. Kf1 a5 29. Kg1 Rh8 30. Ng2 Rb8 31. Kf1 b4 32. axb4 axb4 33. Ra1 Nc6 34. Ke2 Rb7 35. Nh4 Be8 36. Ra8 Bf7 37. Ra6 Ra7 38. Rxa7 Nxa7 39. f3 gxf3+ 40. Nxf3 bxc3 41. bxc3 Nb5 42. Kd2 Ke6 43. Ba4 Nd6 44. Bc2 Kf6 45. Ke3 Be8 46. Bb1 Bd7 47. Bc2 Be8 48. Ke2 Nc8 49. Ke3 Bd7 50. Ne5 Be8 51. Nf3 Nd6 52. Bb1 Bd7 53. Bc2 Be8 54. Ke2 Kg7 55. Ne5 Kf6 56. Nf3 Bd7 57. Ne5 Be8 58. Nf3 Kg7 59. Ng5 Bd7 60. Ke3 Kh6 61. Nf3 Be8 62. Ng5 Nc8 63. Ne6 Nb6 64. Kd2 Bd7 65. Ng5 Ba4 66. Bb1 Kh5 67. Nf3 Kg4 68. Ne5+ Kxg3 69. Nxg6 Bd7 70. Bc2 Bc8 71. Ke3 Bd7 72. Ne7 Kg4 73. Bd1+ Kg3 74. Bc2 Kg4 75. Bd1+ Kg3 76. Bc2 1/2-1/2

[Event "Bialystok-ch"]
[Site "Bialystok"]
[Date "2015.??.??"]
[Round "4"]
[White "Smirnov, Aleksander"]
[Black "Filimoniuk, Marcin"]
[Result "1-0"]
[WhiteElo "2147"]
[BlackElo "1761"]
[PlyCount "85"]
[EventDate "2015.05.01"]
[EventType "swiss"]
[EventRounds "9"]
[EventCountry "POL"]
[SourceTitle "CBM 166 Extra"]
[Source "ChessBase"]
[SourceDate "2015.06.18"]
[SourceVersion "1"]
[SourceVersionDate "2015.06.18"]
[SourceQuality "1"]

1. e4 d6 2. d4 e6 3. g3 b6 4. Bg2 Bb7 5. Ne2 Nd7 6. 0-0 Ngf6 7. Nbc3 e5 8. Re1 Be7 9. a4 a6 10. f4 c5 11. dxe5 dxe5 12. Nd5 Bxd5 13. exd5 Bd6 14. Nc3 0-0 15. f5 Qc7 16. Qf3 Rab8 17. Kh1 b5 18. Bd2 b4 19. Ne4 Rfc8 20. Nxd6 Qxd6 21. c4 Re8 22. a5 Rbc8 23. Qe2 Kh8 24. g4 Ng8 25. g5 f6 26. h4 fxg5 27. hxg5 Rf8 28. Be4 g6 29. f6 Rf7 30. Qh2 Nf8 31. Re2 h6 32. Bc2 Rh7 33. gxh6 Qxf6 34. Qh3 Re8 35. Rf1 Qd8 36. Ba4 Nd7 37. Bc2 Nf8 38. Ref2 Qd6 39. Ba4 Rb8 40. Rf7 Rxf7 41. Rxf7 Nh7 42. Qe6 Qd8 43. Rxh7+ 1-0

[Event "Kresowy 6th"]
[Site "Sokolka"]
[Date "2015.??.??"]
[Round "2"]
[White "Smirnov, Aleksander"]
[Black "Ocytko, Michal"]
[Result "1-0"]
[WhiteElo "2124"]
[BlackElo "1153"]
[PlyCount "51"]
[EventDate "2015.07.06"]
[EventType "tourn"]
[EventRounds "7"]
[EventCountry "POL"]
[SourceTitle "EXT 2018"]
[Source "ChessBase"]
[SourceDate "2017.10.13"]
[SourceVersion "1"]
[SourceVersionDate "2017.10.13"]
[SourceQuality "1"]

1. e4 d6 2. d4 e6 3. f4 Ne7 4. Nf3 Ng6 5. Nc3 c6 6. Bd3 Nh4 7. 0-0 Nxf3+ 8. Qxf3 Be7 9. e5 0-0 10. Ne4 d5 11. Ng3 f6 12. exf6 Bxf6 13. c3 g6 14. Be3 Qe7 15. Rae1 Qg7 16. Ne2 Nd7 17. Nc1 Rf7 18. Bc2 Nf8 19. Nd3 b6 20. Rf2 Bd7 21. Qe2 a5 22. Ne5 Bxe5 23. fxe5 Rxf2 24. Qxf2 Be8 25. Qh4 Qd7 26. Bg5 1-0

[Event "Kresowy 6th"]
[Site "Sokolka"]
[Date "2015.??.??"]
[Round "5"]
[White "Smirnov, Aleksander"]
[Black "Ziziuk, Martyna"]
[Result "1-0"]
[WhiteElo "2124"]
[BlackElo "1491"]
[PlyCount "71"]
[EventDate "2015.07.06"]
[EventType "tourn"]
[EventRounds "7"]
[EventCountry "POL"]
[SourceTitle "EXT 2018"]
[Source "ChessBase"]
[SourceDate "2017.10.13"]
[SourceVersion "1"]
[SourceVersionDate "2017.10.13"]
[SourceQuality "1"]

1. e4 e5 2. Nf3 Nc6 3. Nc3 Nf6 4. d4 exd4 5. Nxd4 d6 6. Nxc6 bxc6 7. Bf4 Be6 8. e5 Nd5 9. Nxd5 cxd5 10. Bb5+ Bd7 11. Qxd5 Bxb5 12. Qxb5+ Qd7 13. Qb7 Rd8 14. 0-0 Be7 15. Qxa7 0-0 16. g3 Qc6 17. b3 Ra8 18. Qe3 Qxc2 19. Rac1 Qf5 20. Rxc7 Bd8 21. Ra7 Rxa7 22. Qxa7 dxe5 23. Qc5 f6 24. Qd5+ Kh8 25. Be3 Qc8 26. Qc5 Qxc5 27. Bxc5 Re8 28. a4 Bc7 29. b4 h6 30. a5 Rb8 31. Rd1 Ra8 32. Rd7 Bxa5 33. bxa5 Rxa5 34. Bf8 g6 35. Bg7+ Kg8 36. Bxf6 1-0

[Event "Benidorm op U2300 13th"]
[Site "Benidorm"]
[Date "2014.11.28"]
[Round "1"]
[White "Tejedor Fuente, Enrique"]
[Black "Smirnov, Aleksander"]
[Result "1-0"]
[WhiteElo "2288"]
[BlackElo "2112"]
[PlyCount "97"]
[EventDate "2014.11.28"]
[EventType "swiss"]
[EventRounds "10"]
[EventCountry "ESP"]
[SourceTitle "CBM 163 Extra"]
[Source "ChessBase"]
[SourceDate "2014.12.23"]
[SourceVersion "1"]
[SourceVersionDate "2014.12.23"]
[SourceQuality "1"]

1. e4 c5 2. g3 d5 3. exd5 Qxd5 4. Nf3 Bg4 5. Bg2 Nc6 6. 0-0 Nf6 7. h3 Bd7 8. c3 Qh5 9. Nh2 Qxd1 10. Rxd1 0-0-0 11. d4 Bf5 12. Be3 e6 13. Nf3 Nd5 14. Nbd2 Bc2 15. Rdc1 Bg6 16. Nb3 Nxe3 17. fxe3 cxd4 18. cxd4 Kb8 19. Rxc6 bxc6 20. Ne5 Rd6 21. Nxc6+ Rxc6 22. Bxc6 Bd6 23. Kf2 Rc8 24. Rc1 h5 25. e4 h4 26. g4 f5 27. gxf5 Bg3+ 28. Kg2 exf5 29. e5 Bf7 30. Na5 Bf4 31. Rc5 a6 32. Rc2 Be3 33. b4 Bxd4 34. Re2 Bh5 35. Re1 Bc3 36. Re3 Bd4 37. Rd3 Bxe5 38. Rd7 Bc7 39. Bd5 Bxa5 40. Rb7+ Ka8 41. Rxg7+ Kb8 42. Rb7+ Ka8 43. Rd7+ Kb8 44. Rb7+ Ka8 45. bxa5 Rc2+ 46. Kf1 Rc5 47. Rb5+ Rxd5 48. Rxd5 Kb7 49. Rxf5 1-0

[Event "Sokolka op 5th"]
[Site "Sokolka"]
[Date "2014.07.10"]
[Round "3"]
[White "Smirnov, Aleksander"]
[Black "Rusak, Jan"]
[Result "1-0"]
[WhiteElo "2144"]
[BlackElo "1484"]
[PlyCount "69"]
[EventDate "2014.07.08"]
[EventType "swiss"]
[EventRounds "9"]
[EventCountry "POL"]
[SourceTitle "CBM 161 Extra"]
[Source "ChessBase"]
[SourceDate "2014.08.29"]
[SourceVersion "1"]
[SourceVersionDate "2014.08.29"]
[SourceQuality "1"]

1. e4 e6 2. d3 c5 3. Nf3 Nc6 4. g3 h6 5. Bg2 g6 6. 0-0 Bg7 7. c3 Qb6 8. Nbd2 d5 9. Nb3 Nge7 10. Be3 d4 11. Bd2 e5 12. Qc1 Be6 13. cxd4 cxd4 14. Nc5 Nd8 15. Nxe6 Nxe6 16. b4 Rc8 17. Qa3 0-0 18. b5 Rfe8 19. Rab1 a5 20. Qxa5 Qxa5 21. Bxa5 Ra8 22. Bb4 Rxa2 23. Rfc1 Bf6 24. Bd6 Ng5 25. Nxe5 Bxe5 26. Bxe5 Ne6 27. Bd6 Rd2 28. Rb3 h5 29. Bb4 Ra2 30. h4 f5 31. exf5 Nxf5 32. Bxb7 Kf7 33. Rbb1 Rb8 34. Bd5 Rxb5 35. Bxa2 1-0

[Event "Sokolka op 5th"]
[Site "Sokolka"]
[Date "2014.07.08"]
[Round "1"]
[White "Smirnov, Aleksander"]
[Black "Zajac, Karol"]
[Result "1-0"]
[WhiteElo "2144"]
[BlackElo "1509"]
[PlyCount "79"]
[EventDate "2014.07.08"]
[EventType "swiss"]
[EventRounds "9"]
[EventCountry "POL"]
[SourceTitle "CBM 161 Extra"]
[Source "ChessBase"]
[SourceDate "2014.08.29"]
[SourceVersion "1"]
[SourceVersionDate "2014.08.29"]
[SourceQuality "1"]

1. e4 e5 2. Nf3 Nc6 3. d4 exd4 4. Nxd4 Nf6 5. Nc3 Bb4 6. Nxc6 bxc6 7. Bd3 d5 8. exd5 cxd5 9. Qe2+ Qe7 10. Bb5+ Bd7 11. Bxd7+ Nxd7 12. Qxe7+ Kxe7 13. Bd2 Bxc3 14. Bxc3 f6 15. 0-0-0 c6 16. Rd3 Nb6 17. Bb4+ Kf7 18. Re1 Rhe8 19. Rxe8 Rxe8 20. Ra3 Re2 21. Rxa7+ Kg6 22. b3 Rxf2 23. Bf8 Rf1+ 24. Kb2 d4 25. Rxg7+ Kf5 26. Bc5 d3 27. cxd3 Nd5 28. g3 h5 29. a4 h4 30. gxh4 Nf4 31. Rd7 Rh1 32. Ka3 Rxh2 33. Bd6 Rxh4 34. Bxf4 Rxf4 35. a5 Ke6 36. Rb7 Rf1 37. Kb2 Rf2+ 38. Kc3 c5 39. Kc4 Kd6 40. Rb6+ 1-0

[Event "Bialystok Spring qual"]
[Site "Bialystok"]
[Date "2014.??.??"]
[Round "9"]
[White "Filewicz, Przemyslaw"]
[Black "Smirnov, Aleksander"]
[Result "0-1"]
[WhiteElo "1921"]
[BlackElo "2153"]
[PlyCount "102"]
[EventDate "2014.04.??"]
[EventType "swiss"]
[EventRounds "9"]
[EventCountry "POL"]
[SourceTitle "EXT 2016"]
[Source "ChessBase"]
[SourceDate "2015.10.08"]
[SourceVersion "1"]
[SourceVersionDate "2015.10.08"]
[SourceQuality "1"]

1. d4 f5 2. g3 Nf6 3. Bg2 g6 4. Nf3 Bg7 5. 0-0 0-0 6. c3 e6 7. Nbd2 Nc6 8. Qc2 d5 9. b4 a6 10. a4 Bd7 11. Nb3 Ne4 12. Nc5 b6 13. Nd3 Nd6 14. Bg5 Qe8 15. Qc1 Nd8 16. a5 Bb5 17. Bh6 Ne4 18. Bxg7 Kxg7 19. Nfe5 Nd6 20. f3 N8f7 21. Qe3 Qe7 22. h4 Nxe5 23. Qxe5+ Kg8 24. Qf4 Nc4 25. Ne5 bxa5 26. bxa5 Nxe5 27. Qxe5 Qd6 28. Kf2 f4 29. Bh3 Qxe5 30. dxe5 fxg3+ 31. Kxg3 Kf7 32. Kf2 Ke7 33. Ke3 c5 34. f4 Rac8 35. Bg4 Rfd8 36. Rfb1 Rd7 37. Bf3 Rf8 38. h5 d4+ 39. cxd4 cxd4+ 40. Kd2 Rxf4 41. hxg6 hxg6 42. Rb4 g5 43. Rh1 Kf8 44. Rh6 Ke7 45. Rg6 d3 46. Rxb5 axb5 47. Rg7+ Rf7 48. Rxg5 dxe2+ 49. Kxe2 Ra7 50. Bc6 Rxa5 51. Rg8 Rf5 0-1

[Event "Bialystok Spring qual"]
[Site "Bialystok"]
[Date "2014.??.??"]
[Round "3"]
[White "Filewicz, Radoslaw"]
[Black "Smirnov, Aleksander"]
[Result "0-1"]
[WhiteElo "1541"]
[BlackElo "2153"]
[PlyCount "96"]
[EventDate "2014.04.??"]
[EventType "swiss"]
[EventRounds "9"]
[EventCountry "POL"]
[SourceTitle "EXT 2016"]
[Source "ChessBase"]
[SourceDate "2015.10.08"]
[SourceVersion "1"]
[SourceVersionDate "2015.10.08"]
[SourceQuality "1"]

1. d4 g6 2. Nf3 Bg7 3. g3 f5 4. Bg2 Nf6 5. 0-0 0-0 6. c3 d6 7. Qb3+ e6 8. Ng5 d5 9. c4 c6 10. Nc3 h6 11. Nf3 Nbd7 12. cxd5 exd5 13. Bf4 Ne4 14. Rfd1 Kh7 15. Ne1 Qe7 16. Qc2 Ndf6 17. Be5 Ng4 18. Bxg7 Qxg7 19. Nd3 Qxd4 20. e3 Qg7 21. Ne2 Ne5 22. Ndf4 Bd7 23. f3 Ng5 24. Kf2 Rae8 25. b3 Re7 26. Nd4 Ne6 27. Ndxe6 Bxe6 28. h4 Bc8 29. Re1 Kg8 30. Kg1 b5 31. Rad1 Qf7 32. Qd2 Ba6 33. Qd4 Bb7 34. Qd2 Rd8 35. Qc3 Qg7 36. Qc2 Ba6 37. Rd4 Bb7 38. Rd2 Rde8 39. Kf2 Qf7 40. Bh3 c5 41. h5 g5 42. Bxf5 gxf4 43. gxf4 Rf8 44. Rg1+ Kh8 45. Bg6 Qf6 46. Rg3 Nxg6 47. Rxg6 Qh4+ 48. Rg3 Rg7 0-1

[Event "Bialystok Spring qual"]
[Site "Bialystok"]
[Date "2014.??.??"]
[Round "1"]
[White "Pytel, Maciej"]
[Black "Smirnov, Aleksander"]
[Result "1-0"]
[WhiteElo "1652"]
[BlackElo "2153"]
[PlyCount "79"]
[EventDate "2014.04.??"]
[EventType "swiss"]
[EventRounds "9"]
[EventCountry "POL"]
[SourceTitle "EXT 2016"]
[Source "ChessBase"]
[SourceDate "2015.10.08"]
[SourceVersion "1"]
[SourceVersionDate "2015.10.08"]
[SourceQuality "1"]

1. e4 c5 2. Nf3 a6 3. d4 cxd4 4. Nxd4 Nf6 5. Bd3 e5 6. Nf5 d5 7. f3 dxe4 8. fxe4 g6 9. Ng3 Be6 10. Nc3 Bc5 11. Bg5 Bf2+ 12. Kxf2 Ng4+ 13. Qxg4 Qb6+ 14. Be3 Qxb2 15. Na4 Qb4 16. Qg5 Nd7 17. Nb6 h6 18. Qh4 g5 19. Qh5 Nf6 20. Qf3 Ng4+ 21. Ke2 Rd8 22. Rab1 Qa5 23. Nc4 Qa4 24. Nd2 b5 25. h3 Nxe3 26. Qxe3 g4 27. h4 Bc4 28. Bxc4 bxc4 29. Qc3 0-0 30. Nf5 Rfe8 31. Nxh6+ Kh7 32. Nxf7 Rd7 33. Ng5+ Kg7 34. h5 Qc6 35. h6+ Kg6 36. h7 Qf6 37. Rbf1 Qd8 38. Nxc4 Qb8 39. h8Q Rxh8 40. Rxh8 1-0

[Event "Bialystok-ch"]
[Site "Bialystok"]
[Date "2014.??.??"]
[Round "5"]
[White "Smirnov, Aleksander"]
[Black "Olhovik, Andrei"]
[Result "1/2-1/2"]
[WhiteElo "2112"]
[BlackElo "2270"]
[PlyCount "23"]
[EventDate "2014.11.08"]
[EventType "swiss"]
[EventRounds "7"]
[EventCountry "POL"]
[SourceTitle "CBM 163 Extra"]
[Source "ChessBase"]
[SourceDate "2014.12.23"]
[SourceVersion "1"]
[SourceVersionDate "2014.12.23"]
[SourceQuality "1"]

1. e4 e5 2. Nf3 Nc6 3. Bb5 Nf6 4. 0-0 Nxe4 5. Re1 Nd6 6. Bxc6 dxc6 7. Nxe5 Be7 8. d4 0-0 9. Nd2 Bf5 10. Ndc4 Nxc4 11. Nxc4 Bf6 12. c3 1/2-1/2

[Event "Bialystok op"]
[Site "Bialystok"]
[Date "2013.11.02"]
[Round "2"]
[White "Sazon, Adam"]
[Black "Smirnov, Aleksander"]
[Result "0-1"]
[WhiteElo "1856"]
[BlackElo "2170"]
[PlyCount "36"]
[EventDate "2013.11.02"]
[EventType "swiss"]
[EventRounds "9"]
[EventCountry "POL"]
[SourceTitle "CBM 157 Extra"]
[Source "ChessBase"]
[SourceDate "2013.12.19"]
[SourceVersion "1"]
[SourceVersionDate "2013.12.19"]
[SourceQuality "1"]

1. e4 c5 2. Nf3 Nc6 3. d4 cxd4 4. Nxd4 e5 5. Nb5 d6 6. N1c3 a6 7. Na3 Be7 8. Nd5 Nf6 9. Be3 Nxd5 10. exd5 Nd4 11. Bxd4 exd4 12. Qxd4 0-0 13. 0-0-0 Bf6 14. Qd3 Qb6 15. Nc4 Qxf2 16. Nxd6 Qf4+ 17. Kb1 Qxd6 18. Be2 Qe5 0-1

[Event "Bialystok Spring op"]
[Site "Bialystok"]
[Date "2013.05.02"]
[Round "3"]
[White "Smirnov, Aleksander"]
[Black "Borawski, Jakub"]
[Result "1/2-1/2"]
[WhiteElo "2166"]
[BlackElo "1973"]
[PlyCount "65"]
[EventDate "2013.05.01"]
[EventType "swiss"]
[EventRounds "9"]
[EventCountry "POL"]
[SourceTitle "EXT 2018"]
[Source "ChessBase"]
[SourceDate "2017.10.13"]
[SourceVersion "1"]
[SourceVersionDate "2017.10.13"]
[SourceQuality "1"]

1. e4 e5 2. Nf3 Nc6 3. d4 exd4 4. Nxd4 Bc5 5. Nxc6 Qf6 6. Qf3 bxc6 7. Nd2 d6 8. Nb3 Bb6 9. Bd3 Qxf3 10. gxf3 Ne7 11. Be3 0-0 12. Rg1 f5 13. Bd4 Ng6 14. Bc4+ Kh8 15. 0-0-0 Bxd4 16. Nxd4 Ne5 17. Bb3 fxe4 18. fxe4 Rxf2 19. Rdf1 Rxf1+ 20. Rxf1 Bd7 21. c4 c5 22. Nb5 Bxb5 23. cxb5 c4 24. Bc2 g5 25. Kd2 Kg7 26. b3 cxb3 27. Bxb3 Re8 28. Bd5 Re7 29. h3 a6 30. bxa6 c6 31. Bb3 Ra7 32. Ke3 Rxa6 33. Kd4 1/2-1/2

[Event "Bialystok Spring op"]
[Site "Bialystok"]
[Date "2013.05.02"]
[Round "4"]
[White "Widelski, Kacper"]
[Black "Smirnov, Aleksander"]
[Result "1-0"]
[WhiteElo "1586"]
[BlackElo "2166"]
[PlyCount "124"]
[EventDate "2013.05.01"]
[EventType "swiss"]
[EventRounds "9"]
[EventCountry "POL"]
[SourceTitle "EXT 2018"]
[Source "ChessBase"]
[SourceDate "2017.10.13"]
[SourceVersion "1"]
[SourceVersionDate "2017.10.13"]
[SourceQuality "1"]

1. e4 c5 2. Nf3 a6 3. d4 cxd4 4. Nxd4 Nf6 5. Nc3 e5 6. Nb3 Bb4 7. Bg5 h6 8. Bxf6 Bxc3+ 9. bxc3 Qxf6 10. c4 Qc6 11. Qd5 Qe6 12. Nc5 Qe7 13. Nd3 d6 14. Nb4 0-0 15. Qd2 Be6 16. Rd1 Rd8 17. c5 Qh4 18. Qd3 Nd7 19. g3 Qf6 20. cxd6 a5 21. Nd5 Bxd5 22. exd5 e4 23. Qe3 Qf3 24. Qxf3 exf3 25. Rd3 Ne5 26. Re3 f6 27. Bh3 Rxd6 28. Be6+ Kh7 29. Rc3 h5 30. h3 Kg6 31. Kd2 Re8 32. Ke3 f5 33. Kf4 Kf6 34. Ke3 g5 35. Rc7 Rb6 36. Kd4 Rb4+ 37. Kc3 Rb8 38. Re1 Rd8 39. a3 Rb6 40. Rh7 h4 41. gxh4 g4 42. hxg4 fxg4 43. Rh6+ Kg7 44. Rh5 Ng6 45. Bxg4 Rf6 46. Re6 Rxe6 47. Bxe6 Kf6 48. Rf5+ Kg7 49. Rxf3 b5 50. Kd4 Nxh4 51. Rf7+ Kg6 52. Rf4 Kg5 53. Rg4+ Kh5 54. Rg8 Nf3+ 55. Kc5 Rxg8 56. Bxg8 b4 57. axb4 a4 58. d6 Ne5 59. b5 Kg6 60. Ba2 Kf6 61. b6 Nd7+ 62. Kc6 Ne5+ 1-0

[Event "Sokolka op 4th"]
[Site "Sokolka"]
[Date "2013.??.??"]
[Round "9"]
[White "Smirnov, Aleksander"]
[Black "Rusak, Jan"]
[Result "1-0"]
[WhiteElo "2165"]
[BlackElo "1525"]
[PlyCount "53"]
[EventDate "2013.07.??"]
[EventType "swiss"]
[EventRounds "9"]
[EventCountry "POL"]
[SourceTitle "EXT 2015"]
[Source "ChessBase"]
[SourceDate "2014.11.20"]
[SourceVersion "1"]
[SourceVersionDate "2014.11.20"]
[SourceQuality "1"]

1. e4 e6 2. Qe2 c5 3. Nf3 Nc6 4. b3 e5 5. Qe3 Nd4 6. Nxd4 cxd4 7. Qg3 Qc7 8. Bd3 Nf6 9. 0-0 Nh5 10. Qf3 Nf4 11. Bc4 f6 12. c3 Ne6 13. Na3 a6 14. Nc2 dxc3 15. dxc3 h5 16. Ne3 Ng5 17. Qf5 d6 18. Qg6+ Kd8 19. Nd5 Rh6 20. Nxc7 Rxg6 21. Nxa8 Nxe4 22. Bf7 Rxg2+ 23. Kxg2 Nxc3 24. Be3 b5 25. Nb6 Bb7+ 26. Kh3 d5 27. Nxd5 1-0

[Event "Sokolka op 4th"]
[Site "Sokolka"]
[Date "2013.??.??"]
[Round "2"]
[White "Veremeichik, Vladimir"]
[Black "Smirnov, Aleksander"]
[Result "1-0"]
[WhiteElo "2340"]
[BlackElo "2165"]
[PlyCount "50"]
[EventDate "2013.07.??"]
[EventType "swiss"]
[EventRounds "9"]
[EventCountry "POL"]
[SourceTitle "EXT 2015"]
[Source "ChessBase"]
[SourceDate "2014.11.20"]
[SourceVersion "1"]
[SourceVersionDate "2014.11.20"]
[SourceQuality "1"]

1. d4 e6 2. c4 Bb4+ 3. Nc3 f5 4. e3 Nf6 5. Bd3 b6 6. Nge2 0-0 7. 0-0 Bb7 8. f3 Be7 9. a3 a5 10. Rb1 d6 11. d5 exd5 12. cxd5 Qc8 13. Bb5 c5 14. dxc6 Nxc6 15. Qb3+ Kh8 16. Bd2 d5 17. Rfd1 Bc5 18. Na4 Qc7 19. Rbc1 Qe7 20. Re1 Na7 21. Nxc5 bxc5 22. Ba4 Bc6 23. Nc3 Rab8 24. Qc2 c4 25. Nd1 Bd7 1-0

[Event "Bialystok Zamenhof Memorial"]
[Site "Bialystok"]
[Date "2012.??.??"]
[Round "4"]
[White "Murza, Adam"]
[Black "Smirnov, Aleksander"]
[Result "0-1"]
[WhiteElo "2067"]
[BlackElo "2137"]
[PlyCount "99"]
[EventDate "2012.12.27"]
[EventType "swiss"]
[EventRounds "9"]
[EventCountry "POL"]
[SourceTitle "CBM 152 Extra"]
[Source "ChessBase"]
[SourceDate "2013.02.25"]
[SourceVersion "1"]
[SourceVersionDate "2013.02.25"]
[SourceQuality "1"]

1. c4 e5 2. Nc3 Nc6 3. g3 g6 4. Bg2 Bg7 5. e3 d6 6. Nge2 f5 7. d3 Nf6 8. Bd2 0-0 9. 0-0 Be6 10. Nd5 Bf7 11. b4 e4 12. dxe4 Nxe4 13. Be1 Ne5 14. f3 c6 15. fxe4 cxd5 16. cxd5 Ng4 17. Bd2 Qb6 18. Qb3 Bxa1 19. Rxa1 fxe4 20. Rf1 g5 21. Nd4 Bg6 22. Ne6 Rxf1+ 23. Bxf1 Ne5 24. Qc3 Bf5 25. Bc1 Bxe6 26. dxe6 Qc6 27. Bb2 Qxc3 28. Bxc3 Kf8 29. Bh3 Ke7 30. Bf5 Rc8 31. Bxe5 Rc1+ 32. Kg2 Rc2+ 33. Kh3 dxe5 34. Bxh7 Kxe6 35. Bxe4 Rxa2 36. Bxb7 Rb2 37. e4 Rxb4 38. Bd5+ Kf6 39. Kg4 Rb2 40. h4 gxh4 41. gxh4 a5 42. Bc6 Rb4 43. h5 a4 44. h6 a3 45. Bd5 Rxe4+ 46. Bxe4 a2 47. h7 Kg7 48. Kf3 a1Q 49. Ke3 Qd4+ 50. Kf3 0-1